| 000 | 00967nam a22003257a 4500 | ||
|---|---|---|---|
| 001 | BR9300080 | ||
| 003 | BR-BrBNA | ||
| 005 | 20230928093755.0 | ||
| 007 | ta | ||
| 008 | 230509b bl.||||| |||| 00| 0 por d | ||
| 040 |
_aBR-BrBNA _bpor _cBiblioteca Nacional de Agricultura |
||
| 041 | _a(Por) | ||
| 072 | _aE50; E12; E51 | ||
| 090 | _ E50 BR9300080 | ||
| 100 | 1 | _aSuarez, M. | |
| 100 | 1 | _aLibardoni, M. | |
| 110 | 1 |
_aIICA, Brasilia, DF (Brasil) _95552 |
|
| 245 | 1 |
_aMulheres e desenvolvimento agricola no Brasil: uma perspectiva de genero _bPublicacoes Miscelaneas, n. A4/BR-002/92 |
|
| 260 | 3 |
_aBrasilia, DF (Brasil): _c1992. |
|
| 300 | _a218 p. | ||
| 500 | _a8 tables; Bibliography p. 172-184 (95 ref.) | ||
| 650 | _aMulher Rural | ||
| 650 | _aDesenvolvimento Agricola | ||
| 650 | _aPolitica Agricola | ||
| 650 | _aLegislacao | ||
| 650 | _aMao-de-Obra | ||
| 650 | _aMercado de Trabalho | ||
| 909 |
_a202309 _bLucia _c55 _dLucia Elande |
||
| 942 | _cBK | ||
| 999 |
_c47025 _d47025 |
||